000 00656nam a2200289Ia 4500
005 20260324120449.0
008 008 260324s9999 xx 000 0 eng d
020 _a9781315090023
037 _aEBOOK
040 _aCRL
040 _beng
040 _cCRL
041 _2eng
041 _aeng
084 _qCRL
100 _aEric Carlton
_91158674
245 0 _aPatterns of Belief
245 0 _bPeoples and Religion
260 _bTaylor and Francis
260 _c2015
365 _a
365 _b130
856 _uhttp://www.taylorfrancis.com/books/9781315090023
942 _cEBOOK
999 _c1750220
_d1750220